000 01081nam a2200313 i 4500
001 bg
003 BPK
005 20220321135228.0
008 200517s2004 pl f |000 0 pol
020 _a8389020246
040 _cBPK
041 0 _apol
080 _a517
080 _a(075.8)
100 1 _aGewert, Marian
_eAutor
245 1 0 _aAnaliza matematyczna 1 :
_bprzykłady i zadania /
_cMarian Gewert, Zbigniew Skoczylas.
250 _aWyd. 13 powiększ.
260 _aWrocław :
_b"GiS",
_c2004.
300 _a260 s. :
_brys., tab., wykr. ;
_c24 cm.
490 1 _aMatematyka dla Studentów Politechnik
504 _aBibliogr.
655 4 _aPodręczniki akademickie
650 4 _aAnaliza matematyczna
700 1 _aSkoczylas, Zbigniew
_eAutor
830 _aMatematyka dla Studentów Politechnik
942 _cKS
_2udc
856 _uhttp://koha.tu.koszalin.pl/cgi-bin/koha/opac-detail.pl?biblionumber=45357
_yKatalog online BPK
999 _c45357
_d45357